Disclosures About Algorithmic Decision Making in the Corporate Reports of Western European Companies

Za posledné desaťročie sa zvýšilo používanie rôznych nástrojov umelej inteligencie (AI). Cieľom príspevku je analyzovať súčasné praktiky veľkých západoeurópskych spoločností, pokiaľ ide o zverejňovanie informácií o automatizovanom rozhodovaní (ADM) v ich výročných správach alebo v správach o udržate...

Description complète

Enregistré dans:
Détails bibliographiques
Auteur principal: Bonsón, Enrique
Autres auteurs: Bednárová, Michaela, 1987-, Perea, David
Format: Chapitre de livre
Langue:anglais
Sujets:
Tags: Ajouter un tag
Pas de tags, Soyez le premier à ajouter un tag!

MARC

LEADER 00000naa a2200000 4500
001 0306189
005 20250602114036.8
041 0 |a eng 
044 |a NL 
245 1 0 |a Disclosures About Algorithmic Decision Making in the Corporate Reports of Western European Companies  |c Enrique Bonsón, Michaela Bednárová, David Perea 
520 |a Za posledné desaťročie sa zvýšilo používanie rôznych nástrojov umelej inteligencie (AI). Cieľom príspevku je analyzovať súčasné praktiky veľkých západoeurópskych spoločností, pokiaľ ide o zverejňovanie informácií o automatizovanom rozhodovaní (ADM) v ich výročných správach alebo v správach o udržateľnosti. 
610 2 0 |a inteligencia umelá 
610 2 0 |a rozhodovanie 
610 2 0 |a spoločnosti 
610 2 0 |a firmy 
610 2 0 |a reporting 
610 2 0 |a analýza obsahová 
610 2 0 |a udržateľnosť 
610 2 0 |a informácie 
610 2 0 |a západná Európa 
100 1 |a Bonsón, Enrique 
700 1 |a Bednárová, Michaela, 1987- 
700 1 |a Perea, David